MDQL
is popping MORE tags! Check the
thread
!
Quizzes
Events
Quiz Creation
Community
Videos
Private Events
Remove Ads
Sign In
Join for FREE
Feedback
Dark Mode
Quiz Categories
Sports
Geography
Music
Movies
Television
Just For Fun
Miscellaneous
History
Literature
Language
Science
Gaming
Entertainment
Religion
Holiday
For Kids
Quiz Lab
Recent
Popular Today
Quiz Kudos Today
Editor Picks
Curator Picks
Quizzes by...
Day
Popularity
Type
Ratings
Length
Year
Community
Subscriptions
Recent Discussions
Orange Saloon
Badges
Playlists
Quests
Create
Leaderboards
Showdown
Live 5
Trivia Bingo
Activity
Puzzle Library
Sporcle Events
Private Events
Virtual Trivia
Globe League
Become a Host
Pub Owners
SporcleCon
Opinionation
Our Games
Videos
Blog
Mobile Apps
Partnerships
Remove Ads and Go Orange
Feedback
Gaming
Video Games
Board Games
Card Games
Pokémon
Mario
Nintendo
Minecraft
Console
Toys
Legend of Zelda
Gaming
Video Games
Board Games
Card Games
Pokémon
Mario
Nintendo
Minecraft
Console
Toys
Legend of Zelda
Random Quiz
Search Sporcle
×
Quiz Lab
Quiz Lab
Gaming
Console
Type in answers that appear in a list
Type in answers that appear in a list
Classic
Best Score? Go Orange.
Fastest Videogame Consoles Stats
Can you name the videogame consoles in order of CPU speed?
By
GodRugal
10m
32 Questions
47 Plays
47 Plays
47 Plays
Comments
Comments
Give Quiz Kudos
Give Quiz Kudos
-
- Ratings
hide this ad
More Info
Forced Order
Answers have to be entered in order
Answers have to be entered in order
Replay
Link that replays current quiz
Next Quiz
Link to next quiz in quiz playlist
You Got
0%
They Got
Avg Score
30%
Avg Friend Score
Upgrade to see
Score Distribution
Jump to the score distribution portion of the page
Score
0/32
Timer
10:00
0
Plays Today
Number
Console
% Correct
1-
3 cores
Xbox 360
97.9%
1-
8cores
Playstation 3
93.6%
2
Xbox
72.3%
3
Wii
68.1%
5
Playstation 2
61.7%
4
Gamecube
55.3%
8
Playstation
51.1%
6
Sega Dreamcast
48.9%
7
Nintendo 64
48.9%
9
Sega Saturn
42.6%
21
Atari 2600
29.8%
16-
most expensive
3DO
27.7%
17
Sega Genesis
25.5%
10
Sega 32X
23.4%
15
Atari Jaguar
23.4%
16-
second most expensive
Neo Geo
23.4%
Number
Console
% Correct
19-
most recent
SNES
23.4%
20-
latest US release
NES
23.4%
18-
greatest number of games
NEC Turbografx-16
19.1%
19-
earlier
Master System
19.1%
20-
earlier US release
Atari 7800
17%
20-
even earlier US release
Atari 5200
17%
22
Intellivision
17%
16-
least expensive
Sega CD
14.9%
13
Phillips CDi
12.8%
19-
earliest
ColecoVision
12.8%
12-
released in the US
NEC TurboGrafx-CD
6.4%
20-
earliest US release
Odyssey 2
6.4%
11
NEC PC-FX
2.1%
12-
only released in Japan
Fujitsu FM Towns Marty
2.1%
16-
third most expensive
Neo Geo CD
2.1%
18-
fewest number of games
NEC SuperGrafx
0%
Quiz Playlist
Details
Report
Send in Message
Add To Playlist
More Info:
Add-ons are included. Handheld systems are not included.
Classic:
Type in answers that appear in a list
Forced Order:
Answers have to be entered in order
Quiz Source
Last Updated: Feb 16, 2017
Quiz Scoreboard
CHALLENGE
Sign Up to Join the Scoreboard
Show All
Scores
Hide
Comments
May contain spoilers
Recently Published
5x2 Blitz: Bands
by SL_Kpop136
Music
30s
Colored Red Africa Blitz
by spor1
Geography
30s
Find the 'City' Movie
by crazypaving
Movies
60s
More to Explore
Quiz From the Vault
Featured Blog Post
14 Easter Pick-up Lines to Find Eggs With
hide this ad
You Might Also Like...
Tags
Console Quiz
fastest
Order
Speed
Today's Top Quizzes in Gaming
Browse Gaming
hide this ad
Today's Top Quizzes in Console
Browse Console
Top Contributed Quizzes in Gaming
1
Destiny 2 exotic weapons by perk icons
2
Legendary or Exotic?
3
Dead By Daylight Logic Puzzle
4
Genshin murder mystery
5
League of Legends Pro Players by Career/Team History
6
Overwatch Logic Puzzle
7
Stardew Mayhem 2: Electric Boogaloo
8
Windmill: Elements
9
Arcade Game Bunker
10
Valorant Utility Use (Up to Clove)
Explore More
Trending Topics
Harry Potter
Anime
Disney
Marvel
Crossword
NBA
Kpop
Country
WWE
Soccer
Song
Pokémon
Puzzle
The Office
NFL
hide this ad
More By:
GodRugal
Quiz
Plays
Rating
Category
Featured
Created
World's Largest rivers by volume of water discharged
855
4.67
Geography
Jan 13, 2012
Largest cities in North America in 1790
729
4.50
History
Feb 2, 2012
Largest Cities in Asia (1911)
396
5.00
History
May 3, 2013
Wettest Capitals
264
4.00
Geography
Aug 28, 2012
Countries with a Subarctic Climate
258
2.00
Geography
Jul 16, 2013
Go to Creator's Profile
Score Distribution
Quiz Creator Spotlight
GodRugal
Follow
Send a Message
Quizzes Created
-
Created Quiz Play Count
-
More By This Creator
Popular Quizzes Today
1
Find the 'City' Movie
2
5x2 Blitz: Bands
3
Colored Red Africa Blitz
4
The Countries of the World
5
Find the US States - No Outlines Minefield
6
Find the US States
7
9x9 Crossword: Cartoon Network
8
US States
More Gaming Quizzes
Numbers in the Gaming Category
Curator's Pick
Trending Quizzes
Colored Red Africa Blitz II
Colored Red Europe Blitz I
Colored Red Africa Blitz III
Colored Red Europe Blitz II
Colored Red Europe Blitz III
Recently Updated
Champions League XIs: Real Madrid
pecheneg
Largest US Cities 1790-2010
pecheneg
Rides in Walt Disney World
pecheneg
Most Oscar Losses (Acting)
pecheneg
Beyoncé Albums
pecheneg
Leaping Animals
pecheneg
Reality TV Shows (A-Z)
bhenderson79
Rickey Henderson's Hall of Fame Teammates
pecheneg
Champions League XIs: Arsenal
pecheneg
Quick Pick: Celebrities in WWE's Hall of Fame
aduchscher
Trending Topics
NBA
Kpop
Crossword
Disney
Anime
Harry Potter
Marvel
NFL
Soccer
Song
Country
Pokémon
Puzzle
WWE
The Office
Your Account Isn't Verified!
In order to create a playlist on Sporcle, you need to verify the email address you used during registration. Go to your
Sporcle Settings
to finish the process.
Report this User
Report this user for behavior that violates our
Community Guidelines
.
Details:
Send Report
Go to the Sporcle.com Mobile Site →
Comments